Dragon Ball Super Villains - Statistics

General Stats
  • This quiz has been taken 112 times
  • The average score is 20 of 48
Answer Stats
Picture Answer % Correct
Beerus
98%
Frieza
97%
Hit
88%
Zamasu
88%
Goku Black
85%
Jiren
81%
Champa
80%
Broly
78%
Kefla
74%
Frost
72%
Cabba
69%
Kale
69%
Toppo
67%
Caulifla
65%
Moro
61%
Cell Max
60%
Gamma 1
58%
Gamma 2
58%
Fused Zamasu
56%
Gas
48%
Dyspo
46%
Future Zamasu
43%
Paragus
40%
Ribrianne
34%
Magetta
33%
Bergamo
30%
Copy Vegeta
28%
Lavender
24%
Basil
22%
7-3
21%
Dr. Hedo
21%
Infinite Zamasu
21%
Magenta
21%
Tagoma
21%
Botamo
20%
Sorbet
20%
Saonel
12%
Elec
10%
Pilina
10%
Kahseral
9%
Carmine
8%
Shisami
8%
Saganbo
7%
Agnilasa
6%
Oil
6%
Sanka Ku
6%
Macki
4%
Su Roas
4%
No matching quizzes found
Score Distribution
Percent of People with Each Score
Percentile by Number Answered
Your Score History
You have not taken this quiz